000 00343nam a2200133Ia 4500
008 220120s9999||||xx |||||||||||||| ||und||
020 _a9780070616780
082 _a621.406 VEN
100 _aVenkanna, B K and Swati, B V
245 0 _aFundamentals od Turbomachinery
260 _aPHI
_bNew Delhi
_c201
300 _b410
650 _aMECHANICAL
999 _c132651
_d132651